Philosophy of Martin Buber. (Record no. 786120)

MARC details
000 -LEADER
fixed length control field 00682nam a2200205Ia 4500
003 - CONTROL NUMBER IDENTIFIER
control field OSt
005 - DATE AND TIME OF LATEST TRANSACTION
control field 20240920085617.0
008 - FIXED-LENGTH DATA ELEMENTS--GENERAL INFORMATION
fixed length control field 220927b |||||||| |||| 00| 0 eng d
040 ## - CATALOGING SOURCE
Original cataloging agency SDCL
Transcribing agency SDCL
Language of cataloging eng
041 ## - LANGUAGE CODE
Source of code eng
Language code of text/sound track or separate title eng
100 ## - MAIN ENTRY--PERSONAL NAME
Personal name Schilpp, Paul Arthur & Friedman, Maurice. Ed.
9 (RLIN) 722690
245 #0 - TITLE STATEMENT
Title Philosophy of Martin Buber.
260 ## - PUBLICATION, DISTRIBUTION, ETC.
Place of publication, distribution, etc. London:
Name of publisher, distributor, etc. Cambridge University Press,
Date of publication, distribution, etc. 1967.
300 ## - PHYSICAL DESCRIPTION
Extent xx,811p.
490 ## - SERIES STATEMENT
Series statement The library of living philosophers Volume - XII.
700 ## - ADDED ENTRY--PERSONAL NAME
Personal name Friedman Maurice Ed.
9 (RLIN) 473594
942 ## - ADDED ENTRY ELEMENTS (KOHA)
Classification part RxM781 K7
Koha item type Textual
Source of classification or shelving scheme Colon Classification (CC)
Holdings
Withdrawn status Lost status Source of classification or shelving scheme Damaged status Not for loan Home library Current library Date acquired Total Checkouts Full call number Barcode Date last seen Price effective from Koha item type
    Colon Classification (CC)     South Campus Library South Campus Library 2022-09-28   RxM781 K7 SC0617422 2022-09-28 2022-09-28 Textual
Copyright @ Delhi University Library System